[Event "2024 British Rapidplay Championship"]
[Site "Holiday Inn Peterborough - West"]
[Date "2024.03.03"]
[Round "8.56"]
[White "Patel, Keatan"]
[Black "Herring, Sam AC"]
[Result "0-1"]
[WhiteFideId "477613"]
[BlackFideId "429767"]
[WhiteElo "1779"]
[BlackElo "1895"]
[EventDate "2024.03.02"]

1. d4 d5 2. c4 e6 3. Nc3 Nf6 4. cxd5 exd5 5. Bg5 c6 6. Qc2 Be7 7. e3 h6 8. Bh4 O-O
9. Bd3 Nbd7 10. Nge2 a5 11. O-O b5 12. a3 Re8 13. f3 Qb6 14. e4 dxe4 15. fxe4 Ng4
16. Bxe7 Rxe7 17. Qd2 Nde5 18. h3 Nxd3 19. Qxd3 Ne5 20. Qg3 Nc4 21. Ra2 Nd2 22. Rf4
Be6 23. Ra1 Bc4 24. Rd1 Nxe4 25. Nxe4 Bxe2 26. Rd2 Bc4 27. Kh2 Kh8 28. Nc5 Rae8 29.
Rdf2 b4 30. Rh4 Qc7 31. Qxc7 Rxc7 32. axb4 axb4 33. Rhf4 Re3 34. Ne4 Bd5 35. Nd6
f6 36. Nf5 Re4 37. Rxe4 Bxe4 38. Ng3 Bd5 39. Rd2 Re7 40. Kg1 Kh7 41. Kf2 Kg6 42.
Nf1 h5 43. Ne3 h4 44. Rc2 Re4 45. Nxd5 cxd5 46. Rd2 Kf5 47. Kf3 g5 48. Kf2 Kf4 49.
Rd3 Kf5 50. Rd2 Ke6 51. b3 Kd6 52. Rd3 f5 53. Kf3 Ke6 54. Kf2 Kf6 55. Kf3 Kg6 56.
Kf2 Kh5 57. Kg1 Re2 58. Kf1 Rb2 59. Kg1 Kg6 60. g4 hxg3 61. Rxg3 f4 62. Rd3 Kf5 63.
Rd1 Rxb3 64. Re1 Re3 65. Rb1 b3 66. Kf2 Ke4 67. Rg1 b2 68. Rb1 Rxh3 69. Kg2 Rb3 70.
Kf2 Kxd4 71. Ke2 g4 72. Kf2 Kc3 73. Kg2 Kc2 74. Rf1 b1=Q 75. Rxb1 Rxb1 76. Kf2 g3
77. Kg2 Kd3 78. Kf3 Rf1 79. Kg2 Rf2+ 80. Kg1 f3 81. Kh1 g2+ 82. Kh2 Rf1 83. Kg3 g1=Q
84. Kf4 Qh2+ 85. Kf5 Qh5+ 86. Kf4 Qh4+ 87. Kf5 f2 88. Ke5 Qe4+ 89. Kd6 d4 90. Kd7
Qg6 91. Ke7 Re1+ 92. Kd7 Rh1 0-1

[Event "2024 British Rapidplay Championship"]
[Site "Holiday Inn Peterborough - West"]
[Date "2024.03.03"]
[Round "8.57"]
[White "Milewska, Agnieszka"]
[Black "Young, Daniel J"]
[Result "1-0"]
[WhiteFideId "1196391"]
[BlackFideId "425184"]
[WhiteElo "1823"]
[BlackElo "1921"]
[EventDate "2024.03.02"]

1. d4 Nf6 2. c4 g6 3. Nf3 Bg7 4. Bf4 O-O 5. e3 d6 6. Nc3 b6 7. Be2 Bb7 8. O-O Nbd7
9. h3 Re8 10. Qc2 e5 11. dxe5 dxe5 12. Bg3 Qe7 13. Rfd1 a6 14. Bh4 Rad8 15. e4 c6
16. a3 h6 17. b4 g5 18. Bg3 Nh5 19. Kh2 Nf4 20. Bxf4 exf4 21. Nd4 Qe5 22. Bf3 c5
23. Nde2 Nf6 24. Nd5 Nxd5 25. exd5 Qxa1 26. Rxa1 Bxa1 27. Bh5 Be5 28. bxc5 bxc5 29.
f3 Bc8 30. Nc3 Bg7 31. Na4 Bd4 32. Nb6 Bb7 33. Qf5 Re7 34. h4 gxh4 35. Qg4+ Bg7 36.
Qxh4 Rde8 37. Qg4 Re5 38. d6 Rg5 39. d7 Rd8 40. Bxf7+ Kh8 41. Qh4 Kh7 42. Be6 Kg6
43. Nd5 Rh5 44. Nxf4+ 1-0

[Event "2024 British Rapidplay Championship"]
[Site "Holiday Inn Peterborough - West"]
[Date "2024.03.03"]
[Round "8.58"]
[White "Dhingra, Kanvansh"]
[Black "Ortiz Sanchez, Luis"]
[Result "0-1"]
[WhiteFideId "33401500"]
[BlackFideId "24581160"]
[WhiteElo "1592"]
[BlackElo "1909"]
[EventDate "2024.03.02"]

1. e4 d6 2. d4 Nf6 3. Nc3 e5 4. dxe5 dxe5 5. Qxd8+ Kxd8 6. Bc4 Bb4 7. Bg5 Bxc3+ 8.
bxc3 Be6 9. Bxe6 fxe6 10. O-O-O+ Ke7 11. f3 a5 12. Ne2 Ra6 13. Rd2 Nbd7 14. Rhd1
Rd6 15. Ng3 h6 16. Be3 Rxd2 17. Rxd2 Ra8 18. Nf1 Ra6 19. Rd1 Rc6 20. Kb2 Ne8 21.
Rd3 Nd6 22. Ng3 Nb6 23. Bxb6 Rxb6+ 24. Kc1 Rc6 25. Nh5 g6 26. Ng3 Rc4 27. Ne2 Ra4
28. Kb1 Nc4 29. h4 Na3+ 30. Kc1 Rc4 31. Kb2 Nb5 32. g4 Nd6 33. Ng3 Rc6 34. h5 g5
35. Ne2 Rb6+ 36. Ka1 Nc4 37. Rd1 Na3 38. Rc1 Rd6 39. Kb2 Nc4+ 40. Ka1 Rd2 41. Ng1
Ne3 42. Kb1 Nd1 43. Ne2 Kd6 44. Ka1 Ne3 45. Ng1 Nxc2+ 46. Kb1 Na3+ 47. Ka1 Nc4 48.
Kb1 Kc5 49. Ka1 Ne3 50. Kb1 Kc4 51. Re1 Ng2 52. Rc1 Nf4 53. Ka1 Nd3 54. Rb1 b6 55.
a3 Kxc3 56. Nh3 Rh2 57. Ng1 Nc5 58. Rc1+ Kb3 59. Re1 Kxa3 60. Re3+ Kb4 61. Ne2 a4
62. Nc1 Nb3+ 63. Nxb3 axb3 64. Kb1 c5 65. Rd3 c4 66. Rd6 Kc3 67. Rd1 Rf2 68. Ka1
Rxf3 69. Rc1+ Kb4 70. Kb2 Rf2+ 71. Kb1 c3 72. Re1 Rf4 73. Ka1 Rxg4 74. Kb1 Rh4 75.
Rf1 g4 76. Kc1 Rxh5 77. Rg1 g3 78. Kb1 g2 79. Kc1 Rh1 0-1

[Event "2024 British Rapidplay Championship"]
[Site "Holiday Inn Peterborough - West"]
[Date "2024.03.03"]
[Round "8.59"]
[White "Mitraka, Chrysa"]
[Black "Grigoryan, Meri"]
[Result "0-1"]
[WhiteFideId "2409968"]
[BlackFideId "13300571"]
[WhiteElo "1612"]
[BlackElo "1957"]
[EventDate "2024.03.02"]

1. d4 d5 2. c4 e5 3. dxe5 d4 4. Nf3 Nc6 5. a3 a5 6. b3 Bc5 7. Bb2 Nge7 8. Qc2 Bf5
9. Qd1 Ng6 10. Nbd2 Ngxe5 11. g3 Qe7 12. Bg2 Nd3+ 13. Kf1 Nxb2 14. Qc1 Bxa3 15. Ra2
O-O 16. Nh4 Bg4 17. Bf3 Bxf3 18. exf3 Rae8 19. Kg2 f5 20. f4 Nd3 21. Qxa3 Qxa3 22.
Rxa3 Re2 23. Nhf3 Rxf2+ 24. Kg1 Re8 25. Nf1 Rxf3 26. Ra2 Re1 27. Kg2 Ndb4 28. Rb2
Rc3 29. h3 d3 30. Rg1 Rc2+ 31. Rxc2 dxc2 32. Nd2 Rxg1+ 33. Kxg1 c1=Q+ 34. Nf1 Nd3
35. Kg2 Nd4 36. h4 Qc2+ 37. Kg1 Qf2+ 38. Kh1 Qxf1+ 0-1

[Event "2024 British Rapidplay Championship"]
[Site "Holiday Inn Peterborough - West"]
[Date "2024.03.03"]
[Round "8.60"]
[White "Killeen, Robert T"]
[Black "Gunarathne, Senith"]
[Result "1/2-1/2"]
[WhiteFideId "343444466"]
[BlackFideId "343104324"]
[WhiteElo "1945"]
[BlackElo "1591"]
[EventDate "2024.03.02"]

1. e4 c5 2. Nf3 d6 3. d4 cxd4 4. Nxd4 Nf6 5. Nc3 a6 6. Bd3 e5 7. Nf3 Be7 8. O-O O-O
9. Bg5 Be6 10. Qe2 Nbd7 11. Rfd1 Rc8 12. Nd2 Qb6 13. Bxf6 Nxf6 14. Na4 Qd4 15. b3
b5 16. Nf3 Qa7 17. Nb2 Nd7 18. c4 b4 19. Na4 Bg4 20. h3 Bh5 21. Bc2 Rfd8 22. Rd3
Nf8 23. g4 Bg6 24. Rad1 Ne6 25. R3d2 h5 26. Qe3 Qxe3 27. fxe3 Ng5 28. Nxg5 Bxg5 29.
Kf2 Rc6 30. c5 Be7 31. Nb6 Rxc5 32. Nc4 Rdc8 33. Rd5 Rxd5 34. Rxd5 f6 35. Ra5 Rc6
36. Bd3 Bf7 37. Nd2 hxg4 38. hxg4 Be6 39. Kf3 Rc3 40. Bc4 Bxc4 41. Nxc4 Rc2 42. Rxa6
Kf7 43. Nb6 Ke6 44. Nd5 g5 45. Ra7 Bd8 46. Nxb4 Bb6 47. Ra6 Rb2 48. Rxb6 Kd7 49.
Nd5 Rxa2 50. Nxf6+ Ke6 51. Nd5 Rh2 52. Rb7 Rh3+ 53. Kg2 Rh2+ 54. Kf1 Rf2+ 1/2-1/2

[Event "2024 British Rapidplay Championship"]
[Site "Holiday Inn Peterborough - West"]
[Date "2024.03.03"]
[Round "8.61"]
[White "Lees, Nicholas"]
[Black "Siu, Kam Wa"]
[Result "0-1"]
[WhiteFideId "444073"]
[BlackFideId "6008860"]
[WhiteElo "1802"]
[BlackElo "1456"]
[EventDate "2024.03.02"]

1. d4 Nf6 2. Bf4 d5 3. e3 c5 4. c3 e6 5. Nf3 Nc6 6. Bb5 Bd7 7. O-O a6 8. Bxc6 Bxc6
9. Nbd2 Be7 10. Ne5 Rc8 11. Nxc6 Rxc6 12. Nf3 c4 13. Ne5 Rc8 14. Qa4+ Nd7 15. f3
f6 16. Nxd7 Qxd7 17. Qxd7+ Kxd7 18. a4 a5 19. Rab1 Ra8 20. b3 Rhc8 21. e4 Bd6 22.
Bxd6 Kxd6 23. Kf2 cxb3 24. Rxb3 Rc4 25. Ra1 Rac8 26. Raa3 R8c7 27. Ke3 e5 28. dxe5+
Kxe5 29. f4+ Kd6 30. Rb6+ R4c6 31. Rab3 dxe4 32. Kxe4 Re7+ 33. Kd3 Rxb6 34. Rxb6+
Kc7 35. Rb5 b6 36. g4 g6 37. Rb1 Kc6 38. h4 h6 39. Rf1 Rd7+ 40. Ke3 Rd5 41. Rg1 Kc5
42. Rb1 Rd6 43. g5 hxg5 44. fxg5 fxg5 45. hxg5 Kc4 46. Rf1 Re6+ 47. Kd2 Re5 48. Rf4+
Kb3 49. Rf6 Rd5+ 50. Ke3 Rxg5 51. Rxb6+ Kxa4 52. c4 Rg4 53. Kd3 g5 54. c5 Rf4 55.
Rg6 Kb4 56. Rxg5 a4 57. c6 Rc4 58. Rg6 a3 59. Rf6 a2 60. Rf1 Rxc6 61. Ra1 Ka3 62.
Re1 Rb6 63. Kc2 Rc6+ 64. Kd3 Kb3 65. Kd4 Kb2 66. Re2+ Rc2 0-1

[Event "2024 British Rapidplay Championship"]
[Site "Holiday Inn Peterborough - West"]
[Date "2024.03.03"]
[Round "8.62"]
[White "Lim, Mark"]
[Black "Markan, Sanket"]
[Result "1-0"]
[WhiteFideId "417734"]
[BlackFideId "343442226"]
[WhiteElo "1835"]
[BlackElo "1680"]
[EventDate "2024.03.02"]

1. Nf3 Nf6 2. d4 e6 3. c4 d5 4. cxd5 exd5 5. Nc3 c6 6. Qc2 Bb4 7. Bg5 O-O 8. a3 Ba5
9. e3 Nbd7 10. Bd3 h6 11. Bh4 Re8 12. O-O Nf8 13. b4 Bc7 14. Rfc1 Bg4 15. b5 Bxf3
16. gxf3 Rc8 17. bxc6 bxc6 18. Kh1 Qd7 19. Bf5 Ne6 20. Rg1 Kh8 21. Rg2 g5 22. Bg3
Nh5 23. Rc1 Nhg7 24. Na4 Nxf5 25. Qxf5 Bd6 26. Qf6+ Kh7 27. Bxd6 Qxd6 28. Qxf7+ Kh8
29. Qf6+ Kh7 30. Nc5 Qe7 31. Qf5+ Kh8 32. Qh3 Qf6 33. Rcg1 Nxc5 34. dxc5 Rb8 35.
Rxg5 Rb1 36. Qh5 Rxg1+ 37. Rxg1 Kh7 38. Qg4 Re7 39. Qg8# 1-0

[Event "2024 British Rapidplay Championship"]
[Site "Holiday Inn Peterborough - West"]
[Date "2024.03.03"]
[Round "8.63"]
[White "Barton, Ben"]
[Black "Gevorgyan, Albert"]
[Result "0-1"]
[WhiteFideId "343416993"]
[BlackFideId "13323946"]
[WhiteElo "1671"]
[BlackElo "1899"]
[EventDate "2024.03.02"]

1. e4 c6 2. d4 d5 3. Nc3 dxe4 4. Nxe4 Nd7 5. Nf3 Ngf6 6. Neg5 e6 7. Bc4 h6 8. Nxf7
Kxf7 9. O-O Nb6 10. Bb3 Be7 11. Ne5+ Kg8 12. Qe2 Qxd4 13. Ng6 Qd6 14. Bf4 Qd8 15.
Rad1 Nbd5 16. Qd2 Qe8 17. Nxh8 Kxh8 18. Bxh6 gxh6 19. Qxh6+ Nh7 20. Rd3 Bg5 21. Qh3
e5 22. Qf3 e4 23. Re1 Qf8 24. Rxe4 Qxf3 25. gxf3 Bf5 26. Bxd5 cxd5 27. Rxd5 Bxe4
28. fxe4 Bf6 29. e5 Bg7 30. e6 Nf8 31. e7 Ne6 32. Rd7 b6 33. f4 Bf6 34. Rd6 Bxe7
35. Rxe6 Bc5+ 36. Kg2 Kg7 37. h3 Rd8 38. Re2 Kf6 39. Kf3 Bd6 40. a4 Rc8 41. Rd2 Bb8
42. b3 Rc5 43. Kg4 Rc8 44. Re2 Rg8+ 45. Kf3 Rg1 46. Kf2 Rh1 47. Kg2 Rd1 48. Re8 Bxf4
49. Rf8+ Ke5 50. Rf7 a5 51. Rb7 Rd6 52. Kf3 Bd2 53. Re7+ Kd4 54. Re2 Kc3 55. Rh2
Kxc2 56. h4 Kxb3 57. h5 Kxa4 58. Kg4 b5 59. Rh4 b4 60. Kf5 Ka3 61. Rh3+ b3 62. Rh2
b2 63. h6 Bxh6 64. Rh3+ Ka2 65. Rh2 Ka1 66. Kg4 b1=Q 67. Rf2 Qg1+ 68. Kh3 Qxf2 69.
Kg4 Rg6+ 70. Kh5 Qf5+ 71. Kh4 Qg4# 0-1

[Event "2024 British Rapidplay Championship"]
[Site "Holiday Inn Peterborough - West"]
[Date "2024.03.03"]
[Round "8.64"]
[White "Knox, Edward"]
[Black "Iyengar, Srihari R"]
[Result "1-0"]
[WhiteFideId "343432328"]
[BlackFideId "441970"]
[WhiteElo "1661"]
[BlackElo "1889"]
[EventDate "2024.03.02"]

1. d4 Nf6 2. Bf4 d5 3. Nc3 Bg4 4. f3 Bh5 5. h4 Bg6 6. g4 h6 7. e3 c6 8. Bd3 Bxd3
9. Qxd3 e6 10. O-O-O Bd6 11. Nge2 Na6 12. a3 Qc7 13. Bxd6 Qxd6 14. e4 Nd7 15. e5
Qe7 16. f4 c5 17. Nb5 O-O-O 18. Nd6+ Kb8 19. Qb5 Nb6 20. dxc5 Nc7 21. Qb3 1-0

[Event "2024 British Rapidplay Championship"]
[Site "Holiday Inn Peterborough - West"]
[Date "2024.03.03"]
[Round "8.65"]
[White "Mylovanov, Volodymyr"]
[Black "Mehta, Sophie"]
[Result "0-1"]
[WhiteFideId "34184732"]
[BlackFideId "487996"]
[WhiteElo "1877"]
[BlackElo "1635"]
[EventDate "2024.03.02"]

1. d4 Nf6 2. c4 e5 3. dxe5 Ng4 4. Nf3 Nc6 5. Bg5 Bb4+ 6. Nbd2 Be7 7. Bxe7 Qxe7 8.
e3 Ngxe5 9. Be2 O-O 10. O-O d6 11. Nd4 Nxd4 12. exd4 Nc6 13. d5 Nd4 14. Bd3 Qg5 15.
Nf3 Nxf3+ 16. Qxf3 Qg4 17. Qxg4 Bxg4 18. Rfe1 Rae8 19. Re3 Rxe3 20. fxe3 g6 21. h3
Bd7 22. b4 c6 23. e4 f5 24. dxc6 Bxc6 25. exf5 gxf5 26. Re1 Kh8 27. b5 Bd7 28. Re7
Rd8 29. Kf2 a6 30. a4 Kg8 31. a5 Kh8 32. g3 Kg8 33. Kf3 d5 34. Kf4 dxc4 35. Bxc4+
Kf8 36. Rxh7 axb5 37. Bd3 Kg8 38. Rh6 Ra8 39. Rb6 Rxa5 40. Bxf5 Bc6 41. Be4 Ra4 42.
g4 Rxe4+ 43. Kg5 b4 44. Kf5 Rd4 45. Ke5 Rd5+ 46. Kf6 Rb5 47. Rxb5 Bxb5 48. h4 b3
49. h5 b2 50. h6 b1=Q 51. g5 Qb2+ 52. Ke6 Bc4+ 53. Kf5 Qb5+ 54. Kf6 Qc6+ 55. Kf5
Kh7 56. Kg4 Qe4+ 0-1

[Event "2024 British Rapidplay Championship"]
[Site "Holiday Inn Peterborough - West"]
[Date "2024.03.03"]
[Round "8.67"]
[White "Sisupalan, Beni"]
[Black "Hristov, Georgi"]
[Result "1-0"]
[WhiteFideId "494585"]
[BlackFideId "5901766"]
[WhiteElo "1756"]
[BlackElo "1654"]
[EventDate "2024.03.02"]

1. e4 a6 2. d4 b5 3. a3 Bb7 4. Nc3 e6 5. Nf3 b4 6. axb4 Bxb4 7. Bd3 Nf6 8. Qe2 d6
9. Bd2 O-O 10. O-O Nbd7 11. Rfe1 Re8 12. Bxa6 Bxa6 13. Rxa6 Rxa6 14. Qxa6 Qa8 15.
Qxa8 Rxa8 16. e5 Bxc3 17. Bxc3 Nd5 18. Bd2 Ra2 19. exd6 cxd6 20. Rb1 N7b6 21. c3
Nc4 22. Bc1 Kf8 23. Nd2 Ndb6 24. Nxc4 Nxc4 25. Kf1 Ke7 26. Ke2 d5 27. Kd3 Kd6 28.
b3 Na3 29. Bxa3+ Rxa3 30. Rb2 h5 31. h3 Ra1 32. c4 Rd1+ 33. Rd2 dxc4+ 34. bxc4 Rc1
35. c5+ Kd5 36. Rc2 Rd1+ 37. Ke2 Ra1 38. Ke3 Ra3+ 39. Ke2 Kc6 40. f3 f5 41. Rd2 Rc3
42. Kf2 g5 43. Re2 Kd5 44. Rd2 f4 45. Kf1 Rc1+ 46. Ke2 Rg1 47. Kd3 Rc1 48. Rc2 Rd1+
49. Ke2 Ra1 50. c6 Ra8 51. c7 Rc8 52. Kd3 e5 53. Rc5+ Kd6 54. Kc4 exd4 55. Kxd4 Kd7
56. Kd5 Rf8 57. c8=Q+ Rxc8 58. Rxc8 Kxc8 59. Ke6 Kd8 60. Kf5 Ke7 61. Kxg5 Kf7 62.
Kxh5 Kf6 63. Kg4 Ke5 64. Kg5 Ke6 65. Kxf4 Kf6 66. h4 Kg6 67. g4 Kh6 68. Kf5 Kg7 69.
Ke6 Kg6 70. f4 Kh6 71. f5 Kg7 72. f6+ Kf8 73. Kf5 Kf7 74. Kg5 Kf8 75. Kg6 Kg8 76.
f7+ Kf8 77. h5 1-0

[Event "2024 British Rapidplay Championship"]
[Site "Holiday Inn Peterborough - West"]
[Date "2024.03.03"]
[Round "8.68"]
[White "Cepoi, Gesneria-Codruta"]
[Black "Mittal, Aditya"]
[Result "0-1"]
[WhiteFideId "1285297"]
[BlackFideId "499250"]
[WhiteElo "1655"]
[BlackElo "1794"]
[EventDate "2024.03.02"]

1. e4 e6 2. d4 d5 3. e5 c5 4. Nf3 cxd4 5. Nxd4 Nc6 6. Bb5 Bd7 7. Nxc6 Bxc6 8. Nc3
Bb4 9. Bd2 Ne7 10. O-O Bxc3 11. Bxc3 Bxb5 12. Re1 O-O 13. Bb4 Re8 14. Re3 Nf5 15.
Rh3 a5 16. Ba3 Qg5 17. Rc1 Rac8 18. b3 Red8 19. Rh5 Qg6 20. g4 Nh6 21. h3 d4 22.
Kh2 Qe4 23. Kg3 Be2 24. Qh1 Rc3+ 25. Kh2 Qf4+ 26. Kg1 d3 27. Qxb7 d2 28. Qe7 dxc1=Q+
29. Bxc1 Rd1+ 0-1

[Event "2024 British Rapidplay Championship"]
[Site "Holiday Inn Peterborough - West"]
[Date "2024.03.03"]
[Round "8.69"]
[White "Pradhan, Ayan"]
[Black "Kennedy, Craig"]
[Result "1-0"]
[WhiteFideId "498319"]
[BlackFideId "408905"]
[WhiteElo "1622"]
[BlackElo "1839"]
[EventDate "2024.03.02"]

1. e4 e6 2. d4 d5 3. Nd2 c5 4. exd5 exd5 5. Ndf3 Nc6 6. dxc5 Bxc5 7. Bd3 Nf6 8. Bg5
O-O 9. Ne2 h6 10. Bh4 Bg4 11. h3 Bxf3 12. gxf3 Qd6 13. Rg1 Ne5 14. Ng3 Rfe8 15. Kf1
Ng6 16. Bxg6 fxg6 17. Bxf6 gxf6 18. Qd3 Qa6 19. Qxa6 bxa6 20. Nh5 Kf7 21. Nf4 g5
22. Nxd5 Rad8 23. c4 Bd4 24. Rb1 Rb8 25. b3 Rec8 26. Rd1 Bc5 27. Kg2 Re8 28. Nc7
Re2 29. Nxa6 Bxf2 30. Nxb8 Be3+ 31. Kh1 Bf4 32. Rg2 1-0

[Event "2024 British Rapidplay Championship"]
[Site "Holiday Inn Peterborough - West"]
[Date "2024.03.03"]
[Round "8.70"]
[White "Caraway, Samuel"]
[Black "Hill, Callum"]
[Result "0-1"]
[WhiteFideId "444766"]
[BlackFideId "343403913"]
[WhiteElo "1834"]
[BlackElo "1635"]
[EventDate "2024.03.02"]

1. Nf3 g6 2. b4 Bg7 3. d4 d5 4. Bb2 Bf5 5. e3 Nf6 6. Nbd2 Nc6 7. a3 O-O 8. c4 e6
9. h3 Be4 10. Nxe4 Nxe4 11. Be2 Nb8 12. c5 c6 13. Qc2 Nd7 14. O-O Re8 15. Nd2 Nxd2
16. Qxd2 e5 17. dxe5 Nxe5 18. Rad1 Qc7 19. Bd4 Bh6 20. Qc3 Rad8 21. f4 Nd7 22. g4
Re6 23. g5 Bf8 24. Bg4 Re7 25. Rde1 h6 26. gxh6 Bxh6 27. Kg2 Rde8 28. Qd3 Re4 29.
Qd2 Qd8 30. Bf3 R4e6 31. Bc3 Nf6 32. Qd4 Kh7 33. Bg4 Nxg4 34. hxg4 Re4 35. Qd2 Qh4
36. Qd1 Rxe3 37. Rh1 Qg3+ 38. Kf1 Qxf4+ 39. Kg2 Qg3+ 40. Kf1 Rf3+ 41. Qxf3 Rxe1+
42. Bxe1 Qxf3+ 43. Kg1 Qxg4+ 44. Kf1 Qf3+ 45. Kg1 Kg7 46. Rh2 Qe3+ 47. Bf2 Qc1+ 48.
Kg2 Qxa3 49. Bd4+ f6 50. Bf2 Qxb4 51. Rh3 Qe4+ 52. Kf1 Qf5 53. Rb3 Qd7 54. Bg3 d4
55. Bd6 d3 56. Rxd3 Qf5+ 57. Ke2 Qxd3+ 58. Kxd3 Kf7 59. Ke4 Ke6 60. Bb8 a6 61. Bc7
f5+ 62. Kf3 g5 63. Ba5 g4+ 64. Kg3 Kd5 65. Bb4 a5 66. Bxa5 Kxc5 67. Be1 b5 68. Bf2+
Kc4 69. Bb6 b4 70. Bd8 b3 71. Bf6 Kd3 72. Kf2 Kc2 73. Ke2 b2 0-1

[Event "2024 British Rapidplay Championship"]
[Site "Holiday Inn Peterborough - West"]
[Date "2024.03.03"]
[Round "8.71"]
[White "Manavalan, Keerthi Kumar"]
[Black "Cheng, Wing"]
[Result "0-1"]
[WhiteFideId "343412661"]
[BlackFideId "343443621"]
[WhiteElo "1559"]
[BlackElo "1829"]
[EventDate "2024.03.02"]

1. e4 e6 2. d4 d5 3. exd5 Qxd5 4. Nf3 Nf6 5. Bd3 Be7 6. O-O b6 7. Nc3 Qd8 8. Ne4
Bb7 9. Nxf6+ Bxf6 10. c3 Nd7 11. Re1 O-O 12. Be4 Qc8 13. Qe2 c5 14. Ng5 h6 15. Nh7
Rd8 16. Qg4 Bxe4 17. Qxe4 cxd4 18. cxd4 Qc4 19. Be3 Be7 20. b3 Qb5 21. g4 Nf6 22.
Nxf6+ Bxf6 23. Rec1 Rac8 24. Rc2 Rxc2 25. Qxc2 Bxd4 26. Bxd4 Rxd4 27. Qc8+ Kh7 28.
Qc2+ g6 29. h3 Qd5 30. Qc7 Qd7 31. Qxd7 Rxd7 32. Kf1 Rd3 33. Kg2 h5 34. Rc1 hxg4
35. hxg4 Kg7 36. Rc2 Kf6 37. f3 e5 38. Kf2 Kg5 39. Ke2 Rd7 40. Ke3 f5 41. gxf5 gxf5
42. Rg2+ Kf6 43. Rg8 f4+ 44. Ke2 Rg7 45. Rf8+ Ke6 46. Re8+ Re7 47. Rh8 Kd5 48. Kd3
Rd7 49. Rh5 b5 50. b4 a5 51. a3 axb4 52. axb4 Ra7 53. Rh3 Ra3+ 54. Kc2 Kc4 55. Rh5
Re3 56. Rh8 Kxb4 57. Re8 Rxf3 58. Rxe5 Rf2+ 59. Kb1 f3 60. Re4+ Kc3 61. Re3+ Kd4
62. Rb3 Kc4 63. Re3 b4 64. Re4+ Kc3 65. Re3+ Kd4 66. Rb3 Rf1+ 67. Kb2 Kc4 68. Re3
f2 69. Rf3 Kd5 70. Rf4 Ke5 71. Rxb4 Rb1+ 72. Kxb1 f1=Q+ 73. Kb2 Qe2+ 74. Kb3 Kd5
75. Ka4 Kc5 76. Kb3 Qd3+ 77. Ka4 Qc2+ 78. Rb3 Kc4 0-1

[Event "2024 British Rapidplay Championship"]
[Site "Holiday Inn Peterborough - West"]
[Date "2024.03.03"]
[Round "8.72"]
[White "Smith, Gary P"]
[Black "Hu, Junyan"]
[Result "1/2-1/2"]
[WhiteFideId "424625"]
[BlackFideId "343401260"]
[WhiteElo "1815"]
[BlackElo "1611"]
[EventDate "2024.03.02"]

1. e4 c5 2. Nf3 e6 3. c3 Nc6 4. d4 d5 5. exd5 Qxd5 6. Be2 Nf6 7. O-O Be7 8. h3 O-O
9. Be3 cxd4 10. cxd4 Qd8 11. Nc3 Nd5 12. Nxd5 exd5 13. Bf4 Bf6 14. Qd2 a6 15. Rfe1
Bf5 16. a3 Na5 17. Qd1 Rc8 18. Rc1 Nc6 19. b4 b5 20. Qd2 Be7 21. Ne5 Bd7 22. Rc2
Nxd4 23. Rxc8 Nxe2+ 24. Rxe2 Qxc8 25. Qxd5 Be6 26. Qf3 Bf6 27. Nd3 Bc4 28. Rc2 Qf5
29. Rd2 Re8 30. Nc5 g5 31. Bg3 Qxf3 32. gxf3 Re1+ 33. Kg2 Ra1 34. Nxa6 Rxa3 35. Nc7
h5 36. Bd6 h4 37. Rd1 Rb3 38. Re1 Bc3 39. Re8+ Kg7 40. Re4 Bxb4 41. Bxb4 Rxb4 42.
Nxb5 Rxb5 43. Rxc4 Rf5 44. Rc6 Rf4 45. Rb6 Rf5 46. Rc6 Rf4 47. Rc7 1/2-1/2

[Event "2024 British Rapidplay Championship"]
[Site "Holiday Inn Peterborough - West"]
[Date "2024.03.03"]
[Round "8.73"]
[White "Patel, Diah"]
[Black "Wastney, Dylan"]
[Result "1-0"]
[WhiteFideId "496677"]
[BlackFideId "343112498"]
[WhiteElo "1545"]
[BlackElo "1800"]
[EventDate "2024.03.02"]

1. e4 c5 2. Nc3 e6 3. g3 Nc6 4. Bg2 Nf6 5. f4 d5 6. e5 Nd7 7. Nf3 Be7 8. d3 a6 9.
O-O b5 10. h3 Qc7 11. a3 Bb7 12. Ne2 Rc8 13. c3 Nb6 14. b3 c4 15. bxc4 bxc4 16. d4
Na5 17. Qc2 Bc6 18. a4 Nb3 19. Ra2 Bxa4 20. Qd1 Nxd4 21. Rxa4 Nxe2+ 22. Qxe2 Nxa4
23. Qc2 Nc5 24. f5 Nd3 25. Qa4+ Qc6 26. Qc2 Nxc1 27. Rxc1 a5 28. f6 gxf6 29. exf6
Bxf6 30. Rf1 Be7 31. Ne5 Qc5+ 32. Kh1 f6 33. Qa4+ Kd8 34. Qd7# 1-0

[Event "2024 British Rapidplay Championship"]
[Site "Holiday Inn Peterborough - West"]
[Date "2024.03.03"]
[Round "8.74"]
[White "Sudagar, Vidhyuth Kavin"]
[Black "Li, Xiaofan"]
[Result "0-1"]
[WhiteFideId "343430244"]
[BlackFideId "343432689"]
[WhiteElo "1542"]
[BlackElo "1771"]
[EventDate "2024.03.02"]

1. c4 e6 2. Nc3 d5 3. cxd5 exd5 4. g3 Nf6 5. Bg2 Be7 6. Nf3 O-O 7. O-O c6 8. d4 Bf5
9. Bf4 Nbd7 10. Qb3 Qb6 11. Qxb6 Nxb6 12. Ne5 Nfd7 13. Nxd7 Nxd7 14. Na4 Rfe8 15.
a3 Nb6 16. Nxb6 axb6 17. a4 Bf6 18. e3 Re7 19. Bd6 Rd7 20. Bb4 Be7 21. Bxe7 Rxe7
22. Rfe1 Bc2 23. Rac1 Bxa4 24. Ra1 Ra6 25. Bf1 b5 26. Reb1 Bb3 27. Kg2 g6 28. Rxa6
bxa6 29. Ra1 Ra7 30. Kf3 Bc2 31. Rc1 Be4+ 32. Kf4 h6 33. Rxc6 Kg7 34. Rd6 Ra8 35.
f3 g5+ 36. Kg4 f5+ 37. Kh3 Bxf3 38. b3 Ra7 39. Bd3 Be4 40. Bxe4 dxe4 41. Rc6 a5 42.
Rb6 a4 43. bxa4 bxa4 44. d5 a3 45. d6 a2 46. d7 a1=Q 47. d8=Q Qf1# 0-1

[Event "2024 British Rapidplay Championship"]
[Site "Holiday Inn Peterborough - West"]
[Date "2024.03.03"]
[Round "8.76"]
[White "Shankar, Yashwardhan"]
[Black "Graff, Ben"]
[Result "0-1"]
[WhiteFideId "2411067"]
[BlackFideId "424170"]
[WhiteElo "1254"]
[BlackElo "1782"]
[EventDate "2024.03.02"]

1. d4 d5 2. Bf4 Nf6 3. e3 c5 4. Nd2 Nc6 5. c3 Bf5 6. Qb3 Qb6 7. dxc5 Qxb3 8. Nxb3
e5 9. Bg3 Ne4 10. Nf3 f6 11. O-O-O O-O-O 12. Bd3 Nxg3 13. hxg3 Bxd3 14. Rxd3 e4 15.
Rd2 exf3 16. gxf3 a5 17. a4 Be7 18. f4 Rd7 19. Rhd1 Rhd8 20. Nd4 Nxd4 21. cxd4 Rc7
22. Kb1 Rc6 23. f3 b6 24. cxb6 Rxb6 25. Rc1+ Kd7 26. Ka2 Rdb8 27. Rb1 Rb3 28. Re2
Rd3 29. b3 Bb4 30. Rbb2 Rc8 31. g4 Rc1 32. Rb1 Rd2+ 33. Rb2 Rxe2 34. Rxe2 Re1 35.
Rh2 h6 36. g5 fxg5 37. fxg5 hxg5 38. Rh5 Re2+ 39. Kb1 Be7 40. f4 Rxe3 41. fxg5 Rxb3+
42. Kc2 Rb4 43. Rh7 Bxg5 44. Rxg7+ Be7 45. Kc3 Rxa4 46. Rg6 Rc4+ 47. Kd3 Rc6 48.
Rg1 a4 49. Ra1 a3 50. Ra2 Bb4 51. Ra1 Rc3+ 52. Kd2 Rb3+ 53. Kc2 Rb2+ 54. Kc1 Rg2
55. Rb1 Rg1+ 56. Kc2 Rxb1 57. Kxb1 Kc6 58. Ka2 Kb5 59. Kb3 Be7 60. Ka2 Kc4 61. Kb1
Kxd4 62. Ka2 Ke3 63. Kb3 Ke2 64. Ka2 d4 65. Kb1 d3 66. Ka2 d2 0-1

[Event "2024 British Rapidplay Championship"]
[Site "Holiday Inn Peterborough - West"]
[Date "2024.03.03"]
[Round "8.78"]
[White "Graham, Neil"]
[Black "Fisher, Neal"]
[Result "1/2-1/2"]
[WhiteFideId "408999"]
[BlackFideId "442100"]
[WhiteElo "1824"]
[BlackElo "1647"]
[EventDate "2024.03.02"]

1. d4 d5 2. e4 c6 3. exd5 cxd5 4. Nf3 Nf6 5. Bd3 Nc6 6. c3 Qc7 7. O-O Bg4 8. h3 Bh5
9. Be3 h6 10. g4 Bg6 11. Bxg6 fxg6 12. Qd3 Ne4 13. Nbd2 Nxd2 14. Qxg6+ Kd8 15. Bxd2
Qd6 16. Qxd6+ exd6 17. Nh4 g5 18. Ng6 Rg8 19. Nxf8 Rxf8 20. Rae1 Kd7 21. f4 gxf4
22. Rxf4 Rxf4 23. Bxf4 Rh8 24. Kg2 Ne7 25. Kg3 Ng6 26. Rf1 h5 27. Bg5 hxg4 28. hxg4
Rg8 29. Rf7+ Kc6 30. Rf6 Kd7 31. Bf4 Nxf4 32. Kxf4 Ke7 33. g5 Rg7 34. Kf5 Rh7 35.
Rh6 Rf7+ 36. Kg6 Ke6 37. Rh7 Rf8 38. Rxb7 Rg8 39. Rg7 Rb8 40. b3 a5 41. Ra7 Rg8 42.
Kh6 Rh8 43. Kg7 Rh3 44. g6 Rxc3 45. Kf8 Kf6 46. Rf7+ Kxg6 47. Ke7 Re3+ 48. Kf8 Re2
49. Rg7+ Kf6 50. Rf7+ 1/2-1/2